[Event "April 9 Early 2024"]
[Site "Chess.com"]
[Date "2024.04.09"]
[Round "11"]
[White "Souleidis, Georgios"]
[Black "Kopczynski, Michal"]
[Result "1-0"]
[Board "90"]
[WhiteFideId "4206827"]
[BlackFideId "1124200"]
[WhiteTitle "IM"]
[BlackTitle "CM"]
[WhiteElo "2624"]
[BlackElo "2498"]
[WhiteTeam "GRE"]
[BlackTeam "POL"]
[WhiteClock "0:01:27"]
[BlackClock "0:01:36"]
[Variant "Standard"]

1. e4 {[%clk 0:03:00]}  b6 {[%clk 0:03:00]} 2. d4 {[%clk 0:03:00]}  Bb7 {[%clk 0:03:01]} 3. Bd3 {[%clk 0:03:00]}  e6 {[%clk 0:03:01]} 4. Nf3 {[%clk 0:03:00]}  Nf6 {[%clk 0:03:02]} 5. e5 {[%clk 0:02:55]}  Ne4 {[%clk 0:03:01]} 6. O-O {[%clk 0:02:54]}  d5 {[%clk 0:03:01]} 7. exd6 {[%clk 0:02:51]}  Bxd6 {[%clk 0:02:58]} 8. Re1 {[%clk 0:02:51]}  Nf6 {[%clk 0:02:57]} 9. c4 {[%clk 0:02:50]}  O-O {[%clk 0:02:55]} 10. Nc3 {[%clk 0:02:50]}  c5 {[%clk 0:02:54]} 11. Nb5 {[%clk 0:02:42]}  cxd4 {[%clk 0:02:48]} 12. Nfxd4 {[%clk 0:02:42]}  Nc6 {[%clk 0:02:43]} 13. Nxc6 {[%clk 0:02:39]}  Bxh2+ {[%clk 0:02:37]} 14. Kxh2 {[%clk 0:02:39]}  Bxc6 {[%clk 0:02:38]} 15. Kg1 {[%clk 0:02:33]}  Qe7 {[%clk 0:02:28]} 16. Bg5 {[%clk 0:02:29]}  Rfd8 {[%clk 0:02:28]} 17. Qe2 {[%clk 0:02:26]}  h6 {[%clk 0:02:27]} 18. Bh4 {[%clk 0:02:14]}  g5 {[%clk 0:02:26]} 19. Bg3 {[%clk 0:02:15]}  Nd7 {[%clk 0:02:10]} 20. Nd4 {[%clk 0:01:53]}  Bb7 {[%clk 0:02:08]} 21. Nf5 {[%clk 0:01:48]}  Qf6 {[%clk 0:02:08]} 22. Nd6 {[%clk 0:01:44]}  Bc6 {[%clk 0:02:07]} 23. Be4 {[%clk 0:01:39]}  Bxe4 {[%clk 0:02:04]} 24. Nxe4 {[%clk 0:01:36]}  Qg6 {[%clk 0:01:59]} 25. Rad1 {[%clk 0:01:36]}  Nf8 {[%clk 0:01:53]} 26. Be5 {[%clk 0:01:29]}  Nd7 {[%clk 0:01:36]} 27. Rxd7 {[%clk 0:01:27]} 1-0

[Event "April 9 Early 2024"]
[Site "Chess.com"]
[Date "2024.04.09"]
[Round "11"]
[White "Kacharava, Nikolozi"]
[Black "Garv Gaur"]
[Result "0-1"]
[Board "92"]
[WhiteFideId "13611860"]
[BlackFideId "45030839"]
[WhiteTitle "GM"]
[BlackTitle "FM"]
[WhiteElo "2619"]
[BlackElo "2473"]
[WhiteTeam "GEO"]
[BlackTeam "IND"]
[WhiteClock "0:00:02"]
[BlackClock "0:00:06"]
[Variant "Standard"]

1. e4 {[%clk 0:03:00]}  g6 {[%clk 0:02:57]} 2. d4 {[%clk 0:03:00]}  Bg7 {[%clk 0:02:54]} 3. Nc3 {[%clk 0:03:00]}  c6 {[%clk 0:02:54]} 4. Nf3 {[%clk 0:02:59]}  d5 {[%clk 0:02:54]} 5. h3 {[%clk 0:03:00]}  dxe4 {[%clk 0:02:53]} 6. Nxe4 {[%clk 0:02:59]}  Nf6 {[%clk 0:02:54]} 7. Bd3 {[%clk 0:02:54]}  O-O {[%clk 0:02:54]} 8. O-O {[%clk 0:02:53]}  Nbd7 {[%clk 0:02:52]} 9. Bg5 {[%clk 0:02:49]}  h6 {[%clk 0:02:47]} 10. Be3 {[%clk 0:02:49]}  Nxe4 {[%clk 0:02:41]} 11. Bxe4 {[%clk 0:02:48]}  Nf6 {[%clk 0:02:42]} 12. Bd3 {[%clk 0:02:47]}  b6 {[%clk 0:02:17]} 13. Qd2 {[%clk 0:02:39]}  Kh7 {[%clk 0:02:16]} 14. h4 {[%clk 0:02:39]}  Bf5 {[%clk 0:02:12]} 15. Bxf5 {[%clk 0:02:32]}  gxf5 {[%clk 0:02:13]} 16. Qd3 {[%clk 0:02:32]}  e6 {[%clk 0:02:09]} 17. Ne5 {[%clk 0:02:32]}  Rc8 {[%clk 0:01:49]} 18. g4 {[%clk 0:02:27]}  Ne4 {[%clk 0:01:44]} 19. gxf5 {[%clk 0:02:22]}  exf5 {[%clk 0:01:45]} 20. f3 {[%clk 0:02:19]}  Ng3 {[%clk 0:01:39]} 21. Rf2 {[%clk 0:02:11]}  Bxe5 {[%clk 0:01:22]} 22. dxe5 {[%clk 0:02:09]}  Rg8 {[%clk 0:01:14]} 23. Qxd8 {[%clk 0:01:56]}  Rcxd8 {[%clk 0:01:15]} 24. Rg2 {[%clk 0:01:56]}  Ne2+ {[%clk 0:01:00]} 25. Kf2 {[%clk 0:01:52]}  Rxg2+ {[%clk 0:01:00]} 26. Kxg2 {[%clk 0:01:52]}  f4 {[%clk 0:01:01]} 27. Kf2 {[%clk 0:01:27]}  fxe3+ {[%clk 0:00:55]} 28. Kxe2 {[%clk 0:01:27]}  Rd2+ {[%clk 0:00:56]} 29. Kxe3 {[%clk 0:01:28]}  Rxc2 {[%clk 0:00:56]} 30. Rg1 {[%clk 0:00:38]}  Rxb2 {[%clk 0:00:53]} 31. Ke4 {[%clk 0:00:35]}  c5 {[%clk 0:00:25]} 32. Kf5 {[%clk 0:00:29]}  Rf2 {[%clk 0:00:25]} 33. f4 {[%clk 0:00:29]}  c4 {[%clk 0:00:26]} 34. Rg3 {[%clk 0:00:15]}  b5 {[%clk 0:00:24]} 35. h5 {[%clk 0:00:13]}  b4 {[%clk 0:00:22]} 36. Rg4 {[%clk 0:00:13]}  c3 {[%clk 0:00:21]} 37. Kf6 {[%clk 0:00:13]}  c2 {[%clk 0:00:19]} 38. Kxf7 {[%clk 0:00:12]}  Rxf4+ {[%clk 0:00:19]} 39. Rxf4 {[%clk 0:00:12]}  c1=Q {[%clk 0:00:20]} 40. Rf6 {[%clk 0:00:11]}  Qc7+ {[%clk 0:00:19]} 41. Ke6 {[%clk 0:00:11]}  Qc6+ {[%clk 0:00:17]} 42. Kf5 {[%clk 0:00:10]}  Qc2+ {[%clk 0:00:15]} 43. Kf4 {[%clk 0:00:09]}  Qxa2 {[%clk 0:00:14]} 44. e6 {[%clk 0:00:09]}  Qf2+ {[%clk 0:00:14]} 45. Ke5 {[%clk 0:00:10]}  Qb2+ {[%clk 0:00:14]} 46. Kf5 {[%clk 0:00:10]}  Qc2+ {[%clk 0:00:14]} 47. Ke5 {[%clk 0:00:08]}  Qc3+ {[%clk 0:00:14]} 48. Kf5 {[%clk 0:00:08]}  Qd3+ {[%clk 0:00:14]} 49. Ke5 {[%clk 0:00:08]}  Qe3+ {[%clk 0:00:13]} 50. Kd6 {[%clk 0:00:08]}  Qd4+ {[%clk 0:00:10]} 51. Ke7 {[%clk 0:00:08]}  Qc5+ {[%clk 0:00:09]} 52. Ke8 {[%clk 0:00:08]}  Qc8+ {[%clk 0:00:08]} 53. Ke7 {[%clk 0:00:08]}  b3 {[%clk 0:00:08]} 54. Rf7+ {[%clk 0:00:06]}  Kg8 {[%clk 0:00:08]} 55. Rf3 {[%clk 0:00:04]}  Qc7+ {[%clk 0:00:08]} 56. Kf6 {[%clk 0:00:04]}  b2 {[%clk 0:00:06]} 57. Rb3 {[%clk 0:00:03]}  Qf4+ {[%clk 0:00:05]} 58. Ke7 {[%clk 0:00:03]}  Qc7+ {[%clk 0:00:05]} 59. Kf6 {[%clk 0:00:03]}  Qd8+ {[%clk 0:00:04]} 60. Kg6 {[%clk 0:00:03]}  Qe8+ {[%clk 0:00:03]} 61. Kf6 {[%clk 0:00:03]}  Qf8+ {[%clk 0:00:03]} 62. Ke5 {[%clk 0:00:02]}  Qc5+ {[%clk 0:00:04]} 63. Kf6 {[%clk 0:00:03]}  Qf2+ {[%clk 0:00:03]} 64. Ke7 {[%clk 0:00:02]}  Qg2 {[%clk 0:00:03]} 65. Rb8+ {[%clk 0:00:02]}  Kg7 {[%clk 0:00:03]} 66. Kd7 {[%clk 0:00:01]}  Qd5+ {[%clk 0:00:03]} 67. Ke7 {[%clk 0:00:02]}  Qc5+ {[%clk 0:00:04]} 68. Kd7 {[%clk 0:00:02]}  Qd4+ {[%clk 0:00:04]} 69. Ke7 {[%clk 0:00:02]}  Qf6+ {[%clk 0:00:03]} 70. Kd7 {[%clk 0:00:02]}  Qd4+ {[%clk 0:00:02]} 71. Ke7 {[%clk 0:00:02]}  Qe4 {[%clk 0:00:02]} 72. Kd7 {[%clk 0:00:02]}  b1=Q {[%clk 0:00:02]} 73. Rxb1 {[%clk 0:00:02]}  Qxb1 {[%clk 0:00:02]} 74. e7 {[%clk 0:00:03]}  Qb7+ {[%clk 0:00:03]} 75. Kd8 {[%clk 0:00:02]}  Qxe7+ {[%clk 0:00:04]} 76. Kxe7 {[%clk 0:00:02]}  a5 {[%clk 0:00:04]} 77. Ke6 {[%clk 0:00:03]}  a4 {[%clk 0:00:05]} 78. Ke5 {[%clk 0:00:02]}  a3 {[%clk 0:00:06]} 0-1

[Event "April 9 Early 2024"]
[Site "Chess.com"]
[Date "2024.04.09"]
[Round "11"]
[White "Tulchynskyi, Feliks"]
[Black "Mazurkiewicz, Michal"]
[Result "1-0"]
[Board "98"]
[WhiteFideId "34127895"]
[BlackFideId "1124943"]
[WhiteTitle "FM"]
[BlackTitle "CM"]
[WhiteElo "2597"]
[BlackElo "2443"]
[WhiteTeam "UKR"]
[BlackTeam "POL"]
[WhiteClock "0:00:17"]
[BlackClock "0:00:00"]
[Variant "Standard"]

1. e4 {[%clk 0:02:58]}  d6 {[%clk 0:02:59]} 2. f4 {[%clk 0:02:56]}  g6 {[%clk 0:02:59]} 3. Nf3 {[%clk 0:02:56]}  Bg7 {[%clk 0:03:00]} 4. d4 {[%clk 0:02:56]}  c5 {[%clk 0:03:00]} 5. c3 {[%clk 0:02:53]}  cxd4 {[%clk 0:03:00]} 6. Nxd4 {[%clk 0:02:53]}  Nc6 {[%clk 0:02:59]} 7. Be3 {[%clk 0:02:51]}  Nf6 {[%clk 0:02:56]} 8. Nd2 {[%clk 0:02:48]}  Ng4 {[%clk 0:02:55]} 9. Bg1 {[%clk 0:02:45]}  Nxd4 {[%clk 0:02:52]} 10. Bxd4 {[%clk 0:02:42]}  e5 {[%clk 0:02:47]} 11. fxe5 {[%clk 0:02:34]}  dxe5 {[%clk 0:02:43]} 12. Bb5+ {[%clk 0:02:32]}  Bd7 {[%clk 0:02:38]} 13. Qxg4 {[%clk 0:02:09]}  Bxb5 {[%clk 0:02:29]} 14. Be3 {[%clk 0:02:06]}  O-O {[%clk 0:02:18]} 15. O-O-O {[%clk 0:01:58]}  Qd3 {[%clk 0:01:58]} 16. Rhe1 {[%clk 0:01:53]}  Rac8 {[%clk 0:01:25]} 17. Nb3 {[%clk 0:01:45]}  Rxc3+ {[%clk 0:00:52]} 18. bxc3 {[%clk 0:01:43]}  Qxc3+ {[%clk 0:00:53]} 19. Kb1 {[%clk 0:01:44]}  Bd3+ {[%clk 0:00:53]} 20. Rxd3 {[%clk 0:01:43]}  Qxd3+ {[%clk 0:00:50]} 21. Kb2 {[%clk 0:01:43]}  f5 {[%clk 0:00:41]} 22. exf5 {[%clk 0:01:38]}  e4+ {[%clk 0:00:39]} 23. Ka3 {[%clk 0:01:37]}  Qa6+ {[%clk 0:00:29]} 24. Kb4 {[%clk 0:01:34]}  b5 {[%clk 0:00:13]} 25. Nc5 {[%clk 0:00:57]}  Qxa2 {[%clk 0:00:13]} 26. Qxe4 {[%clk 0:00:52]}  Qb2+ {[%clk 0:00:08]} 27. Ka5 {[%clk 0:00:46]}  Bc3+ {[%clk 0:00:05]} 28. Ka6 {[%clk 0:00:44]}  Qa2+ {[%clk 0:00:03]} 29. Kb7 {[%clk 0:00:35]}  Bxe1 {[%clk 0:00:04]} 30. fxg6 {[%clk 0:00:31]}  hxg6 {[%clk 0:00:03]} 31. Qxg6+ {[%clk 0:00:30]}  Kh8 {[%clk 0:00:03]} 32. Qh5+ {[%clk 0:00:20]}  Kg7 {[%clk 0:00:02]} 33. Bh6+ {[%clk 0:00:20]}  Kf6 {[%clk 0:00:02]} 34. Bxf8 {[%clk 0:00:18]}  Qd5+ {[%clk 0:00:00]} 35. Qxd5 {[%clk 0:00:17]} 1-0

[Event "April 9 Early 2024"]
[Site "Chess.com"]
[Date "2024.04.09"]
[Round "11"]
[White "Hajiyev, Kanan"]
[Black "Sodol, Georgiy"]
[Result "0-1"]
[Board "99"]
[WhiteFideId "13404148"]
[BlackFideId "14115212"]
[WhiteTitle "FM"]
[BlackTitle "FM"]
[WhiteElo "2575"]
[BlackElo "2419"]
[WhiteTeam "AZE"]
[BlackTeam "UKR"]
[WhiteClock "0:00:03"]
[BlackClock "0:00:32"]
[Variant "Standard"]

1. d4 {[%clk 0:03:00]}  Nf6 {[%clk 0:02:59]} 2. c4 {[%clk 0:03:01]}  g6 {[%clk 0:02:58]} 3. Nf3 {[%clk 0:03:01]}  Bg7 {[%clk 0:02:58]} 4. g3 {[%clk 0:03:02]}  O-O {[%clk 0:02:59]} 5. Bg2 {[%clk 0:03:03]}  d6 {[%clk 0:02:59]} 6. O-O {[%clk 0:03:04]}  Nc6 {[%clk 0:03:00]} 7. b3 {[%clk 0:03:05]}  Bf5 {[%clk 0:02:53]} 8. Bb2 {[%clk 0:03:05]}  Rb8 {[%clk 0:02:44]} 9. d5 {[%clk 0:03:05]}  Nb4 {[%clk 0:02:39]} 10. Nd4 {[%clk 0:02:57]}  Be4 {[%clk 0:02:26]} 11. f3 {[%clk 0:02:55]}  Bxb1 {[%clk 0:02:26]} 12. Qxb1 {[%clk 0:02:46]}  c5 {[%clk 0:02:23]} 13. dxc6 {[%clk 0:02:37]}  Nxc6 {[%clk 0:02:20]} 14. e4 {[%clk 0:02:30]}  Qb6 {[%clk 0:02:15]} 15. Rd1 {[%clk 0:02:29]}  e5 {[%clk 0:02:00]} 16. Kh1 {[%clk 0:01:57]}  Nxd4 {[%clk 0:01:58]} 17. Bxd4 {[%clk 0:01:48]}  exd4 {[%clk 0:01:57]} 18. Qd3 {[%clk 0:01:48]}  Nd7 {[%clk 0:01:48]} 19. f4 {[%clk 0:01:49]}  Nc5 {[%clk 0:01:46]} 20. Qe2 {[%clk 0:01:49]}  Rfe8 {[%clk 0:01:45]} 21. Rac1 {[%clk 0:01:48]}  f5 {[%clk 0:01:41]} 22. e5 {[%clk 0:01:46]}  dxe5 {[%clk 0:01:41]} 23. Bd5+ {[%clk 0:01:47]}  Kh8 {[%clk 0:01:41]} 24. fxe5 {[%clk 0:01:47]}  Rxe5 {[%clk 0:01:40]} 25. Qf3 {[%clk 0:01:45]}  Re3 {[%clk 0:01:38]} 26. Qf4 {[%clk 0:01:43]}  Be5 {[%clk 0:01:35]} 27. Qh4 {[%clk 0:01:39]}  Qf6 {[%clk 0:01:32]} 28. Qh6 {[%clk 0:01:36]}  a5 {[%clk 0:01:29]} 29. Rf1 {[%clk 0:01:34]}  b6 {[%clk 0:01:26]} 30. Rcd1 {[%clk 0:01:32]}  Re8 {[%clk 0:01:24]} 31. Rb1 {[%clk 0:01:22]}  Na6 {[%clk 0:01:22]} 32. a3 {[%clk 0:01:16]}  Nc7 {[%clk 0:01:21]} 33. Bg2 {[%clk 0:01:14]}  Ne6 {[%clk 0:01:19]} 34. b4 {[%clk 0:01:11]}  Rxa3 {[%clk 0:01:17]} 35. c5 {[%clk 0:01:10]}  axb4 {[%clk 0:01:14]} 36. cxb6 {[%clk 0:01:09]}  Bd6 {[%clk 0:01:13]} 37. Rfe1 {[%clk 0:00:55]}  Rb8 {[%clk 0:01:07]} 38. b7 {[%clk 0:00:55]}  Bf8 {[%clk 0:01:03]} 39. Qc1 {[%clk 0:00:52]}  Nc5 {[%clk 0:00:57]} 40. Rxb4 {[%clk 0:00:41]}  Nd3 {[%clk 0:00:57]} 41. Qxa3 {[%clk 0:00:41]}  Nxe1 {[%clk 0:00:56]} 42. Qa8 {[%clk 0:00:36]}  Qe5 {[%clk 0:00:49]} 43. Rc4 {[%clk 0:00:19]}  Qe2 {[%clk 0:00:40]} 44. Bh3 {[%clk 0:00:07]}  Qf3+ {[%clk 0:00:37]} 45. Kg1 {[%clk 0:00:07]}  Rxa8 {[%clk 0:00:36]} 46. Rc8 {[%clk 0:00:03]}  Qxb7 {[%clk 0:00:32]} 0-1

[Event "April 9 Early 2024"]
[Site "Chess.com"]
[Date "2024.04.09"]
[Round "11"]
[White "Santos Flores, Alberto"]
[Black "Smietanska, Wiktoria"]
[Result "1/2-1/2"]
[Board "104"]
[WhiteFideId "3601234"]
[BlackFideId "21869359"]
[WhiteTitle "IM"]
[BlackTitle "CM"]
[WhiteElo "2550"]
[BlackElo "2381"]
[WhiteTeam "ECU"]
[BlackTeam "POL"]
[WhiteClock "0:00:34"]
[BlackClock "0:00:54"]
[Variant "Standard"]

1. e4 {[%clk 0:03:00]}  c5 {[%clk 0:02:59]} 2. Nf3 {[%clk 0:03:01]}  d6 {[%clk 0:02:59]} 3. Bb5+ {[%clk 0:03:01]}  Nd7 {[%clk 0:02:57]} 4. d4 {[%clk 0:03:01]}  cxd4 {[%clk 0:02:56]} 5. Qxd4 {[%clk 0:03:01]}  Nf6 {[%clk 0:02:55]} 6. Nc3 {[%clk 0:03:01]}  g6 {[%clk 0:02:55]} 7. e5 {[%clk 0:02:54]}  dxe5 {[%clk 0:02:54]} 8. Nxe5 {[%clk 0:02:55]}  Bg7 {[%clk 0:02:50]} 9. Nxd7 {[%clk 0:02:49]}  Bxd7 {[%clk 0:02:50]} 10. Bxd7+ {[%clk 0:02:49]}  Qxd7 {[%clk 0:02:50]} 11. Be3 {[%clk 0:02:47]}  Qxd4 {[%clk 0:02:43]} 12. Bxd4 {[%clk 0:02:47]}  O-O {[%clk 0:02:43]} 13. O-O-O {[%clk 0:02:46]}  a6 {[%clk 0:02:40]} 14. Rhe1 {[%clk 0:02:44]}  e6 {[%clk 0:02:39]} 15. Ne4 {[%clk 0:02:44]}  Nxe4 {[%clk 0:02:38]} 16. Rxe4 {[%clk 0:02:43]}  Rfd8 {[%clk 0:02:37]} 17. Bxg7 {[%clk 0:02:41]}  Kxg7 {[%clk 0:02:38]} 18. Red4 {[%clk 0:02:40]}  Rxd4 {[%clk 0:02:35]} 19. Rxd4 {[%clk 0:02:41]}  b5 {[%clk 0:02:34]} 20. Rd7 {[%clk 0:02:39]}  Kf6 {[%clk 0:02:26]} 21. f4 {[%clk 0:02:16]}  Rc8 {[%clk 0:02:16]} 22. Kd2 {[%clk 0:02:10]}  Rc4 {[%clk 0:02:12]} 23. g3 {[%clk 0:02:10]}  h5 {[%clk 0:02:05]} 24. b3 {[%clk 0:02:08]}  Rc6 {[%clk 0:02:01]} 25. a3 {[%clk 0:02:06]}  h4 {[%clk 0:01:55]} 26. Kd3 {[%clk 0:02:05]}  hxg3 {[%clk 0:01:53]} 27. hxg3 {[%clk 0:02:06]}  Rc5 {[%clk 0:01:48]} 28. c4 {[%clk 0:01:54]}  bxc4+ {[%clk 0:01:46]} 29. bxc4 {[%clk 0:01:13]}  Ra5 {[%clk 0:01:46]} 30. g4 {[%clk 0:01:14]}  Rxa3+ {[%clk 0:01:45]} 31. Kd4 {[%clk 0:01:14]}  Ra1 {[%clk 0:01:41]} 32. g5+ {[%clk 0:01:14]}  Kg7 {[%clk 0:01:41]} 33. Kc5 {[%clk 0:01:13]}  a5 {[%clk 0:01:39]} 34. Ra7 {[%clk 0:01:11]}  a4 {[%clk 0:01:39]} 35. Kc6 {[%clk 0:01:08]}  a3 {[%clk 0:01:39]} 36. c5 {[%clk 0:01:08]}  a2 {[%clk 0:01:39]} 37. Ra5 {[%clk 0:01:02]}  Kf8 {[%clk 0:01:15]} 38. Ra8+ {[%clk 0:00:53]}  Kg7 {[%clk 0:01:15]} 39. Ra7 {[%clk 0:00:50]}  Kg8 {[%clk 0:01:03]} 40. Ra8+ {[%clk 0:00:34]}  Kh7 {[%clk 0:01:03]} 41. Ra7 {[%clk 0:00:35]}  Kg7 {[%clk 0:01:02]} 42. Ra8 {[%clk 0:00:35]}  Kh7 {[%clk 0:00:54]} 43. Ra7 {[%clk 0:00:34]}  Kg7 {[%clk 0:00:54]} 1/2-1/2

[Event "April 9 Early 2024"]
[Site "Chess.com"]
[Date "2024.04.09"]
[Round "11"]
[White "Antoniou, Rafail"]
[Black "Myagmarsuren, Evsuld"]
[Result "1-0"]
[Board "105"]
[WhiteFideId "5904390"]
[BlackFideId "1551639"]
[WhiteTitle "CM"]
[BlackTitle "CM"]
[WhiteElo "2547"]
[BlackElo "2380"]
[WhiteTeam "CYP"]
[BlackTeam "NOR"]
[WhiteClock "0:01:15"]
[BlackClock "0:00:00"]
[Variant "Standard"]

1. c4 {[%clk 0:03:00]}  c6 {[%clk 0:02:59]} 2. Nf3 {[%clk 0:03:00]}  Nf6 {[%clk 0:02:58]} 3. Nc3 {[%clk 0:02:59]}  d5 {[%clk 0:02:59]} 4. e3 {[%clk 0:03:00]}  e6 {[%clk 0:02:58]} 5. b3 {[%clk 0:03:00]}  Nbd7 {[%clk 0:02:58]} 6. Bb2 {[%clk 0:03:00]}  Bd6 {[%clk 0:02:56]} 7. d4 {[%clk 0:03:00]}  O-O {[%clk 0:02:50]} 8. Be2 {[%clk 0:03:00]}  b6 {[%clk 0:02:50]} 9. O-O {[%clk 0:03:00]}  Bb7 {[%clk 0:02:50]} 10. Qc2 {[%clk 0:03:01]}  Qe7 {[%clk 0:02:50]} 11. Rad1 {[%clk 0:02:59]}  Ne4 {[%clk 0:02:50]} 12. Nxe4 {[%clk 0:02:57]}  dxe4 {[%clk 0:02:48]} 13. Qxe4 {[%clk 0:02:58]}  Nf6 {[%clk 0:02:44]} 14. Qh4 {[%clk 0:02:56]}  Rfd8 {[%clk 0:02:43]} 15. e4 {[%clk 0:02:55]}  Nd7 {[%clk 0:02:31]} 16. e5 {[%clk 0:02:54]}  Qxh4 {[%clk 0:02:29]} 17. Nxh4 {[%clk 0:02:51]}  Be7 {[%clk 0:02:30]} 18. Nf3 {[%clk 0:02:50]}  c5 {[%clk 0:02:30]} 19. d5 {[%clk 0:02:50]}  a5 {[%clk 0:02:27]} 20. d6 {[%clk 0:02:43]}  Bf8 {[%clk 0:02:26]} 21. Nd2 {[%clk 0:02:42]}  g6 {[%clk 0:02:21]} 22. f4 {[%clk 0:02:41]}  Bg7 {[%clk 0:02:19]} 23. Bf3 {[%clk 0:02:41]}  Bxf3 {[%clk 0:02:18]} 24. Nxf3 {[%clk 0:02:40]}  a4 {[%clk 0:02:16]} 25. Ra1 {[%clk 0:02:38]}  f6 {[%clk 0:02:09]} 26. Rfe1 {[%clk 0:02:37]}  fxe5 {[%clk 0:02:07]} 27. fxe5 {[%clk 0:02:34]}  Rf8 {[%clk 0:02:07]} 28. Ng5 {[%clk 0:02:33]}  Rf5 {[%clk 0:02:06]} 29. Nxe6 {[%clk 0:02:32]}  Bxe5 {[%clk 0:02:06]} 30. Bxe5 {[%clk 0:02:31]}  Nxe5 {[%clk 0:02:04]} 31. g4 {[%clk 0:01:52]}  Nf3+ {[%clk 0:01:26]} 32. Kh1 {[%clk 0:01:52]}  Rf6 {[%clk 0:01:25]} 33. d7 {[%clk 0:01:45]}  Nxe1 {[%clk 0:01:18]} 34. Rxe1 {[%clk 0:01:46]}  Rxe6 {[%clk 0:01:09]} 35. Rxe6 {[%clk 0:01:47]}  Kf7 {[%clk 0:00:37]} 36. Rxb6 {[%clk 0:01:45]}  axb3 {[%clk 0:00:36]} 37. axb3 {[%clk 0:01:41]}  Ke7 {[%clk 0:00:36]} 38. Rc6 {[%clk 0:01:30]}  Ra5 {[%clk 0:00:12]} 39. Rc7 {[%clk 0:01:18]}  Kd8 {[%clk 0:00:12]} 40. Rb7 {[%clk 0:01:17]}  Ra2 {[%clk 0:00:12]} 41. Rb5 {[%clk 0:01:15]}  Rb2 {[%clk 0:00:09]} 42. Rxc5 {[%clk 0:01:15]}  Rxb3 {[%clk 0:00:00]} 43. Rd5 {[%clk 0:01:15]} 1-0

[Event "April 9 Early 2024"]
[Site "Chess.com"]
[Date "2024.04.10"]
[Round "11"]
[White "Begunov, Konstantin"]
[Black "Aakash G"]
[Result "0-1"]
[Board "109"]
[WhiteFideId "4118510"]
[BlackFideId "25644394"]
[WhiteTitle "FM"]
[BlackTitle "CM"]
[WhiteElo "2533"]
[BlackElo "2332"]
[WhiteTeam "RUS"]
[BlackTeam "IND"]
[WhiteClock "0:00:05"]
[BlackClock "0:01:50"]
[Variant "Standard"]

1. d4 {[%clk 0:03:00]}  d5 {[%clk 0:02:57]} 2. c4 {[%clk 0:03:00]}  c6 {[%clk 0:02:56]} 3. Nc3 {[%clk 0:03:01]}  Nf6 {[%clk 0:02:52]} 4. cxd5 {[%clk 0:03:01]}  cxd5 {[%clk 0:02:51]} 5. Bf4 {[%clk 0:03:01]}  Nc6 {[%clk 0:02:52]} 6. e3 {[%clk 0:03:02]}  Bf5 {[%clk 0:02:52]} 7. Bb5 {[%clk 0:02:58]}  e6 {[%clk 0:02:51]} 8. Qa4 {[%clk 0:02:55]}  Qb6 {[%clk 0:02:46]} 9. Nf3 {[%clk 0:02:55]}  Nd7 {[%clk 0:02:38]} 10. O-O {[%clk 0:02:51]}  Be7 {[%clk 0:02:37]} 11. a3 {[%clk 0:02:35]}  O-O {[%clk 0:02:37]} 12. b4 {[%clk 0:02:35]}  a5 {[%clk 0:02:34]} 13. bxa5 {[%clk 0:02:22]}  Rxa5 {[%clk 0:02:33]} 14. Qb3 {[%clk 0:02:21]}  Bd3 {[%clk 0:02:30]} 15. Bc7 {[%clk 0:01:57]}  Rxb5 {[%clk 0:02:20]} 16. Nxb5 {[%clk 0:01:47]}  Qxb5 {[%clk 0:02:21]} 17. Qxb5 {[%clk 0:01:35]}  Bxb5 {[%clk 0:02:22]} 18. Rfb1 {[%clk 0:01:33]}  Ba6 {[%clk 0:02:21]} 19. a4 {[%clk 0:01:19]}  Rc8 {[%clk 0:02:20]} 20. Bb6 {[%clk 0:01:08]}  Nb4 {[%clk 0:02:18]} 21. a5 {[%clk 0:01:02]}  Bc4 {[%clk 0:02:10]} 22. Ne5 {[%clk 0:00:43]}  Nxe5 {[%clk 0:02:08]} 23. dxe5 {[%clk 0:00:43]}  f6 {[%clk 0:02:08]} 24. Bd4 {[%clk 0:00:27]}  Ba6 {[%clk 0:02:04]} 25. exf6 {[%clk 0:00:21]}  gxf6 {[%clk 0:02:03]} 26. Ra4 {[%clk 0:00:14]}  e5 {[%clk 0:02:00]} 27. Bb6 {[%clk 0:00:13]}  Bd3 {[%clk 0:01:56]} 28. Rd1 {[%clk 0:00:11]}  Bc2 {[%clk 0:01:56]} 29. Raa1 {[%clk 0:00:06]}  Bxd1 {[%clk 0:01:54]} 30. Rxd1 {[%clk 0:00:07]}  Rc6 {[%clk 0:01:52]} 31. f4 {[%clk 0:00:07]}  Bc5 {[%clk 0:01:52]} 32. Bxc5 {[%clk 0:00:06]}  Rxc5 {[%clk 0:01:53]} 33. fxe5 {[%clk 0:00:06]}  fxe5 {[%clk 0:01:52]} 34. e4 {[%clk 0:00:07]}  d4 {[%clk 0:01:51]} 35. Rb1 {[%clk 0:00:06]}  Nd3 {[%clk 0:01:51]} 36. Rxb7 {[%clk 0:00:05]}  Rc1# {[%clk 0:01:50]} 0-1

[Event "April 9 Early 2024"]
[Site "Chess.com"]
[Date "2024.04.09"]
[Round "11"]
[White "Jovic, Stanoje"]
[Black "Guzman Lozano, Campo Elias"]
[Result "1-0"]
[Board "112"]
[WhiteFideId "905020"]
[BlackFideId "4403746"]
[WhiteTitle "FM"]
[BlackTitle "CM"]
[WhiteElo "2524"]
[BlackElo "2240"]
[WhiteTeam "SRB"]
[BlackTeam "COL"]
[WhiteClock "0:00:53"]
[BlackClock "0:00:15"]
[Variant "Standard"]

1. c4 {[%clk 0:03:00]}  e6 {[%clk 0:02:58]} 2. g3 {[%clk 0:03:00]}  c6 {[%clk 0:02:57]} 3. e4 {[%clk 0:02:56]}  d5 {[%clk 0:02:53]} 4. e5 {[%clk 0:02:55]}  dxc4 {[%clk 0:02:49]} 5. Bxc4 {[%clk 0:02:52]}  Qd4 {[%clk 0:02:46]} 6. Qe2 {[%clk 0:02:47]}  Nd7 {[%clk 0:02:43]} 7. Nf3 {[%clk 0:02:44]}  Qc5 {[%clk 0:02:35]} 8. d4 {[%clk 0:02:35]}  Qb6 {[%clk 0:02:32]} 9. O-O {[%clk 0:02:31]}  Ne7 {[%clk 0:02:32]} 10. Nc3 {[%clk 0:02:30]}  a6 {[%clk 0:02:31]} 11. a4 {[%clk 0:02:17]}  Nf5 {[%clk 0:02:30]} 12. a5 {[%clk 0:02:14]}  Qc7 {[%clk 0:02:29]} 13. Ne4 {[%clk 0:02:08]}  h5 {[%clk 0:02:10]} 14. h3 {[%clk 0:02:01]}  Be7 {[%clk 0:02:07]} 15. Rd1 {[%clk 0:01:49]}  Nf8 {[%clk 0:02:06]} 16. Bg5 {[%clk 0:01:44]}  Ng6 {[%clk 0:02:04]} 17. g4 {[%clk 0:01:37]}  hxg4 {[%clk 0:02:02]} 18. hxg4 {[%clk 0:01:37]}  Nfh4 {[%clk 0:01:56]} 19. Nxh4 {[%clk 0:01:35]}  Nxh4 {[%clk 0:01:56]} 20. Bxe7 {[%clk 0:01:30]}  Qxe7 {[%clk 0:01:54]} 21. Nd6+ {[%clk 0:01:30]}  Kf8 {[%clk 0:01:54]} 22. f4 {[%clk 0:01:26]}  Ng6 {[%clk 0:01:51]} 23. Qf2 {[%clk 0:01:16]}  Rh4 {[%clk 0:01:48]} 24. Be2 {[%clk 0:01:14]}  Bd7 {[%clk 0:01:28]} 25. Kg2 {[%clk 0:01:13]}  Kg8 {[%clk 0:01:20]} 26. Rh1 {[%clk 0:01:11]}  Rf8 {[%clk 0:01:14]} 27. Rxh4 {[%clk 0:01:08]}  Nxh4+ {[%clk 0:01:11]} 28. Kg3 {[%clk 0:01:06]}  Ng6 {[%clk 0:01:11]} 29. Rh1 {[%clk 0:01:05]}  f6 {[%clk 0:00:48]} 30. Qh2 {[%clk 0:01:02]}  Rd8 {[%clk 0:00:19]} 31. Qh7+ {[%clk 0:01:00]}  Kf8 {[%clk 0:00:15]} 32. Qxg6 {[%clk 0:00:53]} 1-0